Farm day / (Record no. 8251)

MARC details
000 -LEADER
fixed length control field 00930nam a22002897a 4500
001 - CONTROL NUMBER
control field 8251
003 - CONTROL NUMBER IDENTIFIER
control field FISKH
005 - DATE AND TIME OF LATEST TRANSACTION
control field 20250905094501.0
008 - FIXED-LENGTH DATA ELEMENTS--GENERAL INFORMATION
fixed length control field 250905b cb ||||| |||| 00| 0 eng d
020 ## - INTERNATIONAL STANDARD BOOK NUMBER
International Standard Book Number 042799900147
040 ## - CATALOGING SOURCE
Original cataloging agency FISKH
Language of cataloging eng
Transcribing agency FISKH
Modifying agency FISKH
050 ## - LIBRARY OF CONGRESS CALL NUMBER
Classification number PZ7.T5564 F
100 ## - MAIN ENTRY--PERSONAL NAME
Personal name Toast, Sarah
245 ## - TITLE STATEMENT
Title Farm day /
Statement of responsibility, etc. Written by Sarah Toast
260 ## - PUBLICATION, DISTRIBUTION, ETC.
Place of publication, distribution, etc. Illinois :
Name of publisher, distributor, etc. Publication Interanational, Ltd.,
Date of publication, distribution, etc. 1994.
300 ## - PHYSICAL DESCRIPTION
Extent 20 unnumbered pages :
Other physical details color illustrations ;
Dimensions 20 cm .
505 ## - FORMATTED CONTENTS NOTE
Formatted contents note J <br/>
520 ## - SUMMARY, ETC.
Summary, etc. Three children have fun on the farm seeing the animals, smelling the flowers, and eating corn
521 8# - TARGET AUDIENCE NOTE
Target audience note 470 <br/>
Source Lexile <br/>
521 8# - TARGET AUDIENCE NOTE
Target audience note J <br/>
Source Raz-Plus <br/>
650 ## - SUBJECT ADDED ENTRY--TOPICAL TERM
Topical term or geographic name entry element Farm animals
Form subdivision Children's book
650 ## - SUBJECT ADDED ENTRY--TOPICAL TERM
Topical term or geographic name entry element Farm life
Form subdivision Children's book
700 ## - ADDED ENTRY--PERSONAL NAME
Personal name Young, Eddie
Relator term Cover Illustrator
700 ## - ADDED ENTRY--PERSONAL NAME
Personal name Veno, Joe
Relator term Interior Illustrator
942 ## - ADDED ENTRY ELEMENTS (KOHA)
Source of classification or shelving scheme Dewey Decimal Classification
Koha item type Books
Suppress in OPAC No
Holdings
Withdrawn status Lost status Source of classification or shelving scheme Damaged status Not for loan Collection Home library Current library Shelving location Date acquired Total Checkouts Full call number Barcode Date last seen Price effective from Koha item type
    Dewey Decimal Classification     Juvenile Fiction Footprints International School Library Network Toul Tom Poung Campus Footprints International School Library Network Toul Tom Poung Campus TTP Primary Dark Blue Bookshelves 09/05/2025   TOA PZ7.T5564 F FIS02053 09/05/2025 09/05/2025 Books